250 Musical Artists Everyone Should Know - Statistics

General Stats
  • This quiz has been taken 4,610 times
    4,602 since last reset
  • The average score is 115 of 250
Answer Stats
Description Songs Answer % Correct
Eurovision pop group winners from Sweden Dancing Queen | Waterloo ABBA
94%
Hard rock band who was "Back in Black" Highway to Hell | Thunderstruck AC/DC
91%
De-facto leader of G-Unit 21 Questions | In da Club 50 Cent
90%
Her albums are in the names of her age Hello | Chasing Pavements Adele
89%
Had a chimpanzee called Bubbles Billie Jean | Black or White Michael Jackson
89%
Pop icon known as "Queen B" Halo | Single Ladies (Put a Ring on It) Beyoncé Knowles
88%
90s teen pop star famous for her legal battles Toxic | ...Baby One More Time Britney Spears
87%
Pop rock band headlined by Freddy Mercury Bohemian Rhapsody | Radio Ga Ga Queen
86%
Pioneers of the British Rock Invasion Helter Skelter | Yellow Submarine The Beatles
86%
Known as "Slim Shady" Till I Collapse | Godzilla Eminem
85%
Mainstream rock band led by Chris Martin Yellow | Viva La Vida Coldplay
84%
Piano rock superstar knighted in 1998 Tiny Dancer | Rocket Man Elton John
84%
Popularized African-American music into the mainstream Jailhouse Rock | Suspicious Minds Elvis Presley
84%
Norwegian synth-pop band Take On Me | Crying in the Rain a-ha
83%
Known as the "Queen of Pop" Material Girl | Like a Prayer Madonna
82%
Their merch is commonly bought at Hot Topic Drain You | Smells Like Teen Spirit Nirvana
82%
"The Fame" pop star featured in a "Star is Born" Born This Way | Bad Romance Lady Gaga
81%
Barbadian who sang at the Super Bowl pregnant Umbrella | We Found Love Rihanna
81%
Revolutionary hip-hop singer shot in Las Vegas Ambitionz Az A Ridah | Hit 'Em Up 2Pac
80%
Half of the duo, Wham! Father Figure | Careless Whisper George Michael
80%
"Back in Black" singer who died of alcohol poisoning Rehab | Valerie Amy Winehouse
78%
"Slippery When Wet" band Livin' on a Prayer | Runaway Bon Jovi
78%
Disco era trio of the Gibb brothers Stayin' Alive | You Should Be Dancing Bee Gees
77%
Multi-lingual power ballad singer from Quebec My Heart Will Go On | Think Twice Celine Dion
77%
Owner of her own amusement park Jolene | 9 to 5 Dolly Parton
76%
Famously dissed on "Not Like Us" God's Plan | One Dance Drake
76%
Androgynous rocker who plays with "The Revolution" Purple Rain | Little Red Corvette Prince
76%
70s soft rockers from California Hotel California | Desperado Eagles
75%
Frequent collaborator and producer in hip-hop The Story of O.J. | Empire State of Mind Jay-Z
75%
Britpop band headlined by the Gallagher Brothers Wonderwall | Supersonic Oasis
75%
Colombian known as the "Queen of Latin Music" Whenever, Wherever | Hips Don't Lie Shakira
75%
Most successful artist of the 21st century (so far) Love Story | Blank Space Taylor Swift
75%
Duos with Anderson .Paak on Silk Sonic Grenade | 24K Magic Bruno Mars
74%
"Ol' Blue eyed" crooner from New Jersey Fly Me To The Moon | My Way Frank Sinatra
74%
Infamous pop star from Canada Baby | Love Yourself Justin Bieber
74%
Namesake of the most popular music magazine Paint It Black | Sympathy For The Devil The Rolling Stones
74%
Known as the "Piano Man" Vienna | We Didn't Start the Fire Billy Joel
73%
"The Boss" commonly plays with the E Street Band Born In The USA | Born to Run Bruce Springsteen
73%
Hard rock band with Axl Rose, Slash & Izzy Stradlin Welcome to the Jungle | Paradise City Guns n' Roses
73%
Rose to prominence as part of NSYNC Cry Me a River | SexyBack Justin Timberlake
73%
Pastor soul singer known as "The Reverend" Love & Happiness | Let's Stay Together Al Green
72%
Alternative rock band from Ireland Zombie | Linger The Cranberries
72%
Most successful British new wave band Every Breath You Take | Roxanne The Police
72%
Boy band who popularized surf rock Good Vibrations | California Girls The Beach Boys
71%
Known as the "Queen of Christmas" Fantasy | We Belong Together Mariah Carey
70%
Experimental rock band lead by Thom Yorke Creep | Paranoid Android Radiohead
70%
Pop rock band not related to Dorothy's dog Africa | Rosanna TOTO
70%
The definitive reggae experience Jamming | Three Little Birds Bob Marley
69%
Kings of thrash metal Nothing Else Matters | Master of Puppets Metallica
69%
Multi-genre rock band with a "Flea" as their bassist Californication | Under the Bridge Red Hot Chili Peppers
69%
Known simply as "The Voice" I Will Always Love You | Run to You Whitney Houston
69%
Experimental rock artist with multiple personas Heroes | Ziggy Stardust David Bowie
68%
Pop punk band known for their 2004 rock opera Basket Case | 21 Guns Green Day
67%
Progenitors of Hard Rock and Metal Stairway to Heaven | Whole Lotta Love Led Zeppelin
67%
Canadian singer who originally released music on YouTube Blinding Lights | Can't Feel My Face The Weeknd
67%
Neotraditional country artist born to "Daddy Gene" Chattahoochee | Little Bitty Alan Jackson
66%
Pioneer of the trap subgenre in hip-hop Live Your Life | Bring Em Out T.I.
66%
Definitive French EDM duo Get Lucky | Around The World Daft Punk
65%
Ran for president in 2020 POWER | Heartless Kanye West
65%
Wrote "Dark Side Over The Moon", "Animals" & "The Wall" Time | Comfortably Numb Pink Floyd
65%
His debut album was "Doggystyle" Drop It Like It's Hot | Gin and Juice Snoop Dogg
65%
"Notorious" 90's east coast rapper Big Poppa | Mo Money Mo Problems The Notorious B.I.G.
65%
Hard rock band who's led by the "Toxic Twins" Walk This Way | Cryin' Aerosmith
64%
Duetted in "Empire State of Mind" & "My Boo" Fallin' | No One Alicia Keys
64%
Pioneers of metal headlined by Ozzy Osbourne Iron Man | Children of the Grave Black Sabbath
64%
70s pop star who sung a James Bond theme Nobody Does It Better | You're So Vain Carly Simon
64%
The other proclaimed "King of Latin Pop" Livin' La Vida Loca | Tal Vez Ricky Martin
64%
Throw some "Respect" for the Queen of Soul Chain of Fools | Mary, Don't You Weep Aretha Franklin
63%
Extremely thick rapper Starship | Anaconda Nicki Minaj
63%
Early alternative rock band from Athens, GA Losing My Religion | Radio Free Europe R.E.M.
63%
Universally acclaimed folk singer-songwriter Blowing In the Wind | Like a Rolling Stone Bob Dylan
62%
"Goddess of Pop" who was in a duo with Sonny Believe | If I Could Turn Back Time Cher
62%
One of the first bands to benefit from social media 505 | Do I Wanna Know? Arctic Monkeys
61%
New wave band led by Debbie Harry Heart of Glass | Call Me Blondie
61%
Nu-metal band who broke out with "Hybrid Theory" In The End | Numb Linkin Park
61%
Man in Black who performed at Folsom Prison Ring of Fire | Man Comes Around Johnny Cash
60%
Southern rock band associated with a plane crash Free Bird | Sweet Home Alabama Lynyrd Skynyrd
60%
Bono. The Edge. Clayton. Mullen Jr. Sunday Bloody Sunday | One U2
60%
Chicago funk and disco band September | Boogie Wonderland Earth, Wind & Fire
59%
Progressive art pop performer in the 80s Running Up That Hill | Babooshka Kate Bush
59%
Named after their drummer and bassist The Chain | Landslide Fleetwood Mac
58%
Alternative rock band founded by Dave Grohl Everlong | Learn to Fly Foo Fighters
58%
"Satchmo" trumpeter What a Wonderful World | Hello, Dolly! Louis Armstrong
58%
Garage rock revival duo of Jack and Meg White Seven Nation Army | Blue Orchid The White Stripes
58%
Glam metal band known for their eccentric face paint Rock and Roll All Nite | Heaven's On Fire KISS
57%
Soul singer tragically killed by his father Sexual Healing | What's Going On Marvin Gaye
57%
Folk duo named after Paul and Art's last names Mrs. Robinson | Sound of Silence Simon & Garfunkel
57%
Revolutionized rock & roll with his guitar Roll Over Beethoven | Johnny B. Goode Chuck Berry
55%
Named "Slowhand" for his iconic guitar playing Layla | Tears in Heaven Eric Clapton
55%
Electric guitar playing master from Seattle Hey Joe | All Along The Watchtower Jimi Hendrix
55%
Melancholic art pop singer Summertime Sadness | West Coast Lana Del Rey
55%
Drummer who went solo in the 80s Sussudio | In the Air Tonight Phil Collins
55%
Psychedelic rock band led by Jim Morrison Light My Fire | L.A. Woman The Doors
55%
Hispanic actress and performer Let's Get Loud | On The Floor Jennifer Lopez
54%
Divisive post-grunge band Photograph | How You Remind Me Nickleback
54%
Started his musical career at 12 years old at Motown Superstition | Higher Ground Stevie Wonder
54%
Country rock band led by brothers John & Tom Fogerty Fortunate Son | Bad Moon Rising Creedence Clearwater Revival
53%
90s girl group managed by Mathew Knowles Bills, Bills, Bills | Bootylicious Destiny's Child
53%
Rock band led by Mark Knopfler Sultans of Swing | Money for Nothing Dire Straits
53%
Pioneers in hard rock and heavy metal Smoke on the Water | Child in Time Deep Purple
52%
Pioneers of gothic rock Friday I'm in Love | Just Like Heaven The Cure
52%
Highly controversial punk band censored by the BBC God Save The Queen | Anarchy in the U.K. The Sex Pistols
52%
90s feminist rock star Ironic | You Oughta Know Alanis Morissette
51%
Named after the same city they originated from More Than a Feeling | Amanda Boston
51%
Mexican guitarist who fused jazz and rock Smooth | Black Magic Woman Carlos Santana
50%
Folk singer who reached fame with "Sweet Baby James" You've Got a Friend | Fire and Rain James Taylor
50%
Lead singer of the Blackhearts I Love Rock 'n Roll | Cherry Bomb Joan Jett
50%
Dissed Drake in "Not Like Us" HUMBLE | Alright Kendrick Lamar
50%
Ballad and blues artist featured in "The Jazz Singer" Sweet Caroline | Cracklin' Rosie Neil Diamond
50%
Hard rock band who spoke of "My Generation" Baby O'Riley | Pinball Wizard The Who
50%
Arena rock band with a one-armed drummer Pour Some Sugar on Me | Photograph Def Leppard
49%
Progressive electronic band led by Jeff Lynne Mr. Blue Sky | Don't Bring Me Down Electric Light Orchestra
49%
Known as "The Only Band That Matters" Rock the Casbah | Train in Vain The Clash
49%
Known as the "Queen of Rock 'n Roll" What's Love Got to Do With It | GoldenEye Tina Turner
49%
Alternative rock duo that broke through with "Blurryface" Stressed Out | Heathens Twenty One Pilots
49%
Commonly roasted people on his own TV show That's Amore | Volare Dean Martin
48%
Known for creating G-Funk & Beats headphones Nuthin' but a "G" Thang | Xxplosive Dr. Dre
48%
Their guitarist, Eddie, popularized guitar tapping Hot for Teacher | Panama Van Halen
48%
New wave band part of the New Romantic scene Rio | Hungry Like the Wolf Duran Duran
47%
Take That singer depicted as a monkey in his biography Angels | She's The One Robbie Williams
47%
Best selling female artist in country music Man! I Feel Like a Woman! | Ka-Ching! Shania Twain
47%
A proclaimed "King of Latin Pop" Bailando | Por Amarte Enrique Iglesias
46%
Grunge pioneers led by Eddie Vedder Jeremy | Even Flow Pearl Jam
46%
Electro-pop rock band led by Brandon Urie I Write Sins Not Tragedies | High Hopes Panic! At The Disco
45%
Founders of the punk rock genre I Wanna Be Sedated | Blitzkrieg Bop Ramones
44%
Famous rap rock trio Intergalactic | Brass Monkey Beastie Boys
43%
Icelandic singer who led the Sugarcubes Army of Me | Human Behavior Björk
43%
Had a trilogy of "Bat Out of Hell" albums I'd Do Anything For Love | Hot Patootie Meat Loaf
43%
Rap supergroup that came "Straight Outta Compton" Appetite for Destruction | Express Yourself N.W.A.
43%
Former mainstay at Las Vegas from Wales It's Not Unusual | Sex Bomb Tom Jones
43%
Former lead singer of the Supremes Endless Love | I'm Coming You Diana Ross
42%
"The Hardest Working Man in the Show Business" Papa's Got a Brand New Bag | The Boss James Brown
42%
Socially aware youngest singer of the Jackson family Together Again | All For You Janet Jackson
42%
First hip-hop group to go gold and platinum Walk This Way | It's Like That Run-DMC
42%
English band influenced by American R&B and Rock You Really Got Me | Lola The Kinks
42%
King of R&B who reached huge "F.A.M.E." in the 00s Run It! | Look At Me Now Chris Brown
41%
Lead singer of the Fugees Doo Wop (That Thing) | Ready or Not Lauryn Hill
41%
"The Queen Is Dead" band led by Morrissey & Johnny Marr This Charming Man | How Soon is Now? The Smiths
41%
His guitar's name is Lucille The Thrill Is Gone | 3 O'Clock Blues B.B. King
40%
Member of New Edition; pioneer of new jack swing My Prerogative | Every Little Step Bobby Brown
40%
His backing band were The Crickets Peggy Sue | Everyday Buddy Holly
40%
Rap rock band centered around political messages Killing In The Name | Guerrilla Radio Rage Against The Machine
40%
Grunge pioneers led by Chris Cornell & Kim Thayil Black Hole Sun | Rusty Cage Soundgarden
40%
"Speaking faces" pioneer of new wave and post-punk Psycho Killer | Burning Down the House Talking Heads
40%
"Queen of Disco" Hot Stuff | Heaven Knows Donna Summer
39%
Psychedelic rocker known for her electric voice Me and Bobby McGee | Cry Baby Janis Joplin
39%
Sophisti-pop band named after their lead singer Smooth Operator | No Ordinary Love Sade
39%
West Virginian R&B and soul legend Lean On Me | Ain't No Sunshine Bill Withers
38%
American Idol country singer winner Before He Cheats | Cowboy Casanova Carrie Underwood
38%
Jazz rock band that had Transit Authority in its name If You Leave Me Now | 25 or 6 to 4 Chicago
38%
Outlaw country boy from Alabama Honkey Tonk Blues | Lovesick Blues Hank Williams
38%
Poet & novelist turned folk musician Suzanne | Hallelujah Leonard Cohen
38%
Known as "The Killer" Great Balls of Fire | Wild One Jerry Lee Lewis
37%
Rapper is known for his "Carter" albums A Milli | Forever Lil Wayne
37%
Referred to as the first Rock & Roll star Tutti Frutti | Long Tall Sally Little Richard
37%
Heavy metal Armenian-American band B.Y.O.B. | Chop Suey! System of a Down
37%
Progressive rock band later turned pop rock Invisible Touch | Follow You Follow Me Genesis
36%
Known as the "Godfather of Grunge" Harvest Moon | Rockin' in the Free World Neil Young
36%
Known as "The Genius" Georgia on My Mind | I've Got a Woman Ray Charles
36%
New wave band whose founding members were LGBTQ+ Rock Lobster | Private Idaho The B-52's
36%
"Godfather of Punk" who led the Stooges Lust For Life | Candy Iggy Pop
35%
Psychedelic rock band formed in San Francisco Abracadabra | The Joker Steve Miller Band
35%
Embodiment of the adult contemporary sound Mandy | Copacabana (At the Copa) Barry Manilow
34%
First multimedia star in the world White Christmas | Pistol Packin' Mama Bing Crosby
34%
Wrote the state songs for Colorado & West Virginia Annie's Song | Leaving on a Jet Plane John Denver
34%
Country pop artist starring in his own Western films Islands in the Stream | The Gambler Kenny Rogers
34%
"Nasty" east coast rapper N.Y. State of Mind | Get Down Nas
34%
Defining industrial rock act led by Trent Reznor The Hand That Feeds | Closer Nine Inch Nails
34%
Soft rocker known for his distinctive raspy voice Maggie May | All For Love Rod Stewart
34%
Pop duo of siblings Richard and Karen (They Long To Be) Close To You | You Carpenters
33%
Post-punk band(s) before and after Ian Curtis' death Love Will Tear Us Apart | Blue Monday Joy Division / New Order
33%
Has the most-played MTV video of all time Solsbury Hill | Sledgehammer Peter Gabriel
33%
Heavy metal grunge act co-sung by Cantrell & Staley Man in the Box | Rooster Alice in Chains
32%
The best-selling artist of all time Friends in Low Places | Shameless Garth Brooks
32%
Controversial rapper who tragically died at twenty Jocelyn Flores | Look At Me XXXTentacion
32%
Islamic songwriter commonly known by two names Father and Son | Wild World Yusuf / Cat Stevens
32%
Folk singer known for "Blue" Big Yellow Taxi | Both Sides Now Joni Mitchell
31%
Glam metal band that has "Nothin' But a Good Time" Every Rose Has Its Thorn | Unskinny Bop Poison
31%
Northern Irish folk singer Moondance | Astral Weeks Van Morrison
31%
"Grace" singer whose father's name was Tim Hallelujah | So Real Jeff Buckley
30%
Alternative rock band led by Billy Corgan Bullet With Butterfly Wings | Disarm Smashing Pumpkins
30%
Motown band with distinctive dress and harmonies My Girl | Papa Was a Rollin' Stone The Temptations
30%
Staten Island hip-hop "clan" Protect Ya Neck | Triumph Wu-Tang Clan
29%
Heavy metal band known for "British Steel" Breaking the Law | Painkiller Judas Priest
28%
Known as the "Queen of R&B" Family Affair | Real Love Mary J. Blige
28%
Founded by brothers Gregg & Duane Melissa | Ramblin' Man The Allman Brothers Band
28%
Roots rocker who leads the Silver Bullet Band Shakedown | Old Time Rock and Roll Bob Seger
27%
Influential jazz & soul singer from New Orleans The Fat Man | Blueberry Hill Fats Domino
27%
60s boy band from New Jersey led by Frankie Valli Walk Like a Man | Sherry The Four Seasons
27%
"Is This It" 2000s post-punk revivalists Reptillia | Last Nite The Strokes
27%
Rockabilly crooner and TV star Wicked Game | Somebody's Crying Chris Isaak
26%
Known as the "King of Soul" These Arms of Mine | Hard to Handle Otis Redding
26%
Known for her dancing and Billboard success Straight Up | Opposites Attract Paula Abdul
26%
Hip hop group formed by Chuck D and Flavor Flav Fight The Power | He Got Game Public Enemy
26%
Experimental rockers who collaborated with Nico Heroin | Sweet Jane The Velvet Underground
26%
Known as the "Father of Country Music" Waiting for a Train | Prairie Lullaby Jimmie Rodgers
25%
Most famous progressive jazz artist Bye, Bye Blackbird | Blue in Green Miles Davis
25%
Political songwriter who does Pixar soundtracks You've Got a Friend In Me | Rednecks Randy Newman
25%
Outlaw singer who loves to be "On The Road Again" Seven Spanish Angels | Pancho & Lefty Willie Nelson
25%
Singer-songwriter turned blues rock artist Your Body Is a Wonderland | Belief John Mayer
24%
Experimental jam band led by Jerry Garcia Casey Jones | Friend of the Devil Grateful Dead
23%
Pop duo who fused rock, soul and R&B Kiss on My List | Sara Smile Hall & Oates
23%
Known as "Mr. Show Business" The Candy Man | Mr. Bojangles Sammy Davis Jr.
23%
"Queen of Tejano Music" shot in 1995 Como La Flor | Amor Prohibido Selena
23%
Early new school rapper All I Have | Mama Said Knock You Out LL Cool J
22%
Band who fused folk, jazz, country, rock, and R&B The Weight | Up on Cripple Creek The Band
22%
Innovators of folk rock Mr. Tambourine Man | Eight Miles High The Byrds
22%
Swing artist who joined and performed for the military Moonlight Serenade | In the Mood Glenn Miller
21%
Experimental synthetic band led by Geddy Lee 2112 Overture | Limelight Rush
21%
Man who led the Motown group, the Miracles The Tears of a Clown | Cruisin' Smokey Robinson
21%
Canadian indie rock band known for "Neon Bible" Everything Now | The Suburbs Arcade Fire
20%
Civil rights singer known as "The King of Soul" A Change Is Gonna Come | Chain Gang Sam Cooke
20%
Jazz rock band founded by Fagen and Becker Peg | Reelin' In The Years Steely Dan
20%
Pop rock band led by Ocasek and Orr Shake It Up | Tonight She Comes The Cars
20%
Hip-hop house band of the Jimmy Fallon Show The Seed | You Got Me The Roots
20%
Easy listening saxophonist Songbird | The Moment Kenny G
19%
Known as "Lady Day" Blue Moon | I'll Be Seeing You Billie Holiday
18%
Progressive rock band led by Robert Fripp 21st Century Schizoid Man | Epitaph King Crimson
18%
Erratic lead singer of the Bad Seeds The Mercy Seat | Red Right Hand Nick Cave
18%
"The Big O" Crying | California Girl Roy Orbison
18%
First racially and gender diverse band in America Family Affair | Sing a Simple Song Sly & the Family Stone
18%
Jam band who is named after their lead singer Crash Into Me | Satellite Dave Matthews Band
17%
Glam metal known for "Pornograffitti" More Than Words | Play With Me Extreme
17%
Dixie bluegrass band from Dallas Cowboy Take Me Away | Goodbye Earl The Chicks
17%
Progressive alternative rock band known for Ænima Stinkfist | Schism Tool
17%
Known as the "King of the Delta Blues" Cross Road Blues | Me and the Devil Blues Robert Johnson
16%
Kiwi country singer on "The Voice" & "American Idol" Blue Ain't Your Color | For You Keith Urban
15%
The "King of Rockabilly" Matchbox | Blue Suede Shoes Carl Perkins
14%
"King of Country Music" Amarillo by Morning | Check Yes or No George Strait
14%
Country musician who stars in a sitcom set in Houston Does He Love You | Fancy Reba McEntire
14%
Glam rock band founded by Bryan Ferry & Brian Eno Do The Strand | More Than This Roxy Music
14%
Post-punk band led by a woman named after a tribe Hong Kong Garden | Spellbound Siouxsie & the Banshees
14%
Owns the most played country song of the 90s Should've Been A Cowboy | Red Solo Cup Toby Keith
14%
Influential R&B and funk band from Memphis Green Onions | Soul Dressing Booker T. & the M.G.'s
13%
Rebellious rock-and-roller who died at twenty-one Summertime Blues | C'mon Everybody Eddie Cochran
13%
Argued that "This Land is Your Land" Dusty Old Dust | Tear the Fascists Down Woody Guthrie
13%
Lead singer of the Impressions Move On Up | People Get Ready Curtis Mayfield
12%
Known for his improvising guitar and satirical lyrics Bobby Brown Goes Down | Dirty Love Frank Zappa
12%
Successful pop duo of the 50s & 60s Til' I Kissed You | Let It Be Me The Everly Brothers
12%
90s indie rock band headlined by Stephen Malkmus Cut Your Hair | Harness Your Hopes Pavement
11%
Early influencer of alternative, noise and indie rock Incinerate | Teen Age Riot Sonic Youth
11%
Known as the "King of Swing" Sing, Sing, Sing | Chicago Benny Goodman
10%
Rapper who is credited as the inventor of "flow" Guess Who's Back | When I B On Tha Mic Rakim
9%
Ska & Reggae singer who holds the Order of Merit I Can See Clearly Now | Vietnam Jimmy Cliff
8%
"King of the Road" country singer American Kids | I Go Back Kenny Chesney
8%
Outlaw country artist who plays with the Strangers Mama Tried | Fightin Side of Me Merle Haggard
8%
Famously has thousands of live shows file shared Wilson | Bouncing Around the Room Phish
8%
Experimental artist known for his raspy changing voice Downtown Train | Way Down in the Hole Tom Waits
8%
"Mr. Swing" who is the father of Carla Thomas Walking the Dog | Push and Pull Rufus Thomas
7%
Cult act rock band known for their "#1 Record" Thirteen | I'm In Love With a Girl Big Star
5%
No matching quizzes found
Score Distribution
Percent of People with Each Score
Percentile by Number Answered
Your Score History
You have not taken this quiz since the last reset